Public administration: (Record no. 11160)

MARC details
000 -LEADER
fixed length control field 00627nam a22002057a 4500
005 - DATE AND TIME OF LATEST TRANSACTION
control field 20220624121305.0
008 - FIXED-LENGTH DATA ELEMENTS--GENERAL INFORMATION
fixed length control field 210316b ||||| |||| 00| 0 eng d
020 ## - INTERNATIONAL STANDARD BOOK NUMBER
International Standard Book Number 9789385756542
040 ## - CATALOGING SOURCE
Original cataloging agency IN-DiNC
Transcribing agency IN-DiNC
041 ## - LANGUAGE CODE
Language code of sung or spoken text English
082 ## - DEWEY DECIMAL CLASSIFICATION NUMBER
Classification number 351
Item number BOR
100 ## - MAIN ENTRY--PERSONAL NAME
Personal name Bordoloi, Prahlad
Relator term Author
245 ## - TITLE STATEMENT
Title Public administration:
Remainder of title concepts, perspectives and theories /
Statement of responsibility, etc. by Prahlad Bordoloi and Manashi Sarma
250 ## - EDITION STATEMENT
Edition statement 1st ed.
260 ## - PUBLICATION, DISTRIBUTION, ETC.
Place of publication, distribution, etc. Meerut:
Name of publisher, distributor, etc. Balaji publications,
Date of publication, distribution, etc. 2020
300 ## - PHYSICAL DESCRIPTION
Extent vi, 356p.
650 ## - SUBJECT ADDED ENTRY--TOPICAL TERM
Topical term or geographic name entry element Major approaches in public administration
700 ## - ADDED ENTRY--PERSONAL NAME
Personal name Sarma, Manashi
Relator term Author
942 ## - ADDED ENTRY ELEMENTS (KOHA)
Source of classification or shelving scheme Dewey Decimal Classification
Koha item type Books
Holdings
Withdrawn status Lost status Source of classification or shelving scheme Damaged status Not for loan Collection code Home library Current library Shelving location Date acquired Cost, normal purchase price Full call number Barcode Date last seen Copy number Price effective from Koha item type Total Checkouts
    Dewey Decimal Classification     Political Science Central Library, Naharkatiya College Central Library, Naharkatiya College General Stacks 16/03/2021 1295.00 351 BOR 28605 16/03/2021 1 16/03/2021 Books  
    Dewey Decimal Classification     Political Science Central Library, Naharkatiya College Central Library, Naharkatiya College General Stacks 24/06/2022 1095.00 351 BOR 28808 24/06/2022 2 24/06/2022 Books  

Naharkatiya College © 2020. All rights reserved.

Powered By